[Даркмаркет] DarkMarket : киберкрадци, киберченгета и самият ти (Запис номер 145757)
[ съкратено ]
| 000 -Лидер | |
|---|---|
| Контролно поле с фиксирана дължина | 01925nam a2200409 c 4500 |
| 003 - Код на организацията, давaща контролен номер | |
| Контролно поле | BLK |
| 005 - Дата и час на последна редакция | |
| Контролно поле | 20191101125039.0 |
| 008 - Елементи от данни с фиксирана дължина | |
| fixed length control field | 180410b bul|||||r ||||||| ||bul|| |
| 010 ## - Наследен системен номер | |
| LC control number | KNG00151942000 |
| 020 ## - Международен стандартен номер на книга ISBN | |
| Международен стандартен номер на книга ISBN | 978-954-28-1053-7 |
| -- | издат.: Сиела Норма |
| 040 ## - Източник на каталожния запис | |
| Идентификатор на билиотеката - собственик на записа | BLK |
| 041 ## - Код за език | |
| Код за езика на текст/звукозапис или на отделно заглавие | Български |
| Код за езика КДБФ | Български |
| 072 #7 - Код за тематичната категория | |
| Код организация | bullib |
| Код за тематична категория | Н34 |
| Текст | Право Н |
| 080 ## - УДК | |
| Текстов определител УДК | Компютърни престъпления |
| УДК код - определител по УДК | 343.3/.7:681.324 |
| УДК определител | |
| УДК - код + определител | 343.3/.7:681.324 |
| 080 ## - УДК | |
| Текстов определител УДК | Спомагателно цифрово оборудване. Запомнящи устройства. Периферийни устройства. Интерфейсно оборудване |
| УДК код - определител по УДК | 681.327 |
| УДК определител | .07 |
| УДК - код + определител | 681.327.07 |
| 100 1# - Редна дума - Автор | |
| Автор | Глени, Миша |
| Авторска отговорност | първи автор |
| R(LIN) | 54397 |
| 139 ## - Редно поле | |
| Редна дума | Глени, Миша |
| Авторски знак | Гле - Г 54 |
| 245 10 - Сведения за заглавието | |
| Заглавие | [Даркмаркет] DarkMarket : киберкрадци, киберченгета и самият ти |
| Подзаглавни данни | Как хакерите станаха новата мафия |
| Редно поле (дума) | Миша Глени; прев. от англ. Александър Николов Николов. |
| 257 ## - Страна на издаване | |
| Страна на създаване/издаване | Великобритания |
| 260 ## - Област на издателските данни | |
| -- | София |
| Име на издателя, разпространителя и проч. | Сиела Норма |
| Година на издаване | 2012 |
| 300 ## - Физическа характеристика | |
| Страници | 320 с. |
| Размери/Мащаб | 21 см |
| 380 ## - Жанр | |
| Жанр | Обществени науки |
| 490 1# - СЕРИИ (Колекции) | |
| Име на серия | Поредица Войни и власт |
| 500 ## - Общи забележки | |
| Забележка | Ориг. загл. DarkMarket : Cyberthieves, cybercops and yoy / Misha Glenny. |
| 650 #4 - Допълнително описание по предмет – тема | |
| Основно описание – тема или топоним | Компютърни престъпления |
| 9 (RLIN) | 273635 |
| 650 #4 - Допълнително описание по предмет – тема | |
| Основно описание – тема или топоним | Организирана престъпност - противодействие |
| 9 (RLIN) | 289927 |
| 653 ## - Ключова дума – ненормативна | |
| Ключова дума | кибернетика |
| 653 ## - Ключова дума – ненормативна | |
| Ключова дума | киберпространство |
| 653 ## - Ключова дума – ненормативна | |
| Ключова дума | хакери |
| 659 ## - Тематичен бюлетин | |
| Тематичен бюлетин | Н |
| 700 1# - Други автори (авторска отговорност) | |
| Лично име | Николов, Александър Николов |
| Автороска отговорност (Описва отношението между автора и произведението) | прев. от англ. |
| 9 (RLIN) | 365135 |
| 852 ## - Местоположение | |
| Форматна сигнатура | Цб 265473 |
| 856 4# - Електронен адрес и достъп | |
| Електронен формат | pdf - файл |
| Път до файла /url/ | |
| 856 4# - Електронен адрес и достъп | |
| Електронен формат | pdf - файл |
| Път до файла /url/ | |
| 942 ## - АРТИКУЛИ | |
| Вид на библиотечния материал | Книги |
| Скрит в OPAC | Не |
| Koha issues (borrowed), all copies | 4 |
| 944 ## - СЪЗДАВАНЕ И РЕДАКЦИЯ на ЗАПИСА | |
| Създаване/Редакция | Създаване |
| Дата на регистрацията/редакция | 17.10.2013 |
| Статус, дата на статуса | ф / |
| Служител, извършил регистрацията/редакцията | Людмила_Стоянова |
| 944 ## - СЪЗДАВАНЕ И РЕДАКЦИЯ на ЗАПИСА | |
| Създаване/Редакция | Редакция |
| Дата на регистрацията/редакция | 17.06.2014 |
| Статус, дата на статуса | ф / |
| Служител, извършил регистрацията/редакцията | |
| 999 ## - СИСТЕМНИ КОНТРОЛНИ НОМЕРА | |
| Koha biblionumber | 145757 |
| Koha biblioitemnumber | 145757 |
| Код за отписване | Код за изгубен артикул | Код за повреда | Коз за рестрикции | Код за отдаване | Артикулен № | Име на библиотеката - собственик | Име на библиотеката, в която се намира в момента | Статус (Текущо местоположение) | Дата на вписване в системата | Местоположение - отдел | Цена в лева | Инвентарен номер | Систематично азбучна сигнатура | Баркод | Номер на екземпляра | Цена в евро | Служебна бележка | Служебен тип на артикула | Източник на класификационната схема |
|---|---|---|---|---|---|---|---|---|---|---|---|---|---|---|---|---|---|---|---|
| Не е изгубен | Не е повреден | без рестрикции | ползва се в читалня | 242059 | Регионална библиотека "Любен Каравелов" Русе | Регионална библиотека "Любен Каравелов" Русе | Хранилище | 2013-10-19 | Хранилище | 15.00 | 120000770660 | Цб 265473 | 120000770660 | 1 | 7.67 | Дост: Dp Вид: Д N: 36 Дата: 04.09.2012 | Книги | ||
| Не е изгубен | Не е повреден | без рестрикции | заемане за дома | 242060 | Регионална библиотека "Любен Каравелов" Русе | Регионална библиотека "Любен Каравелов" Русе | Заемна - подръчен фонд | 2014-03-11 | Заемна - подръчен фонд | 7.50 | 120000775388 | П 343/Г 53 | 120000775388 | 2 | 3.83 | Дост: Pk Вид: Ф N: 725 Дата: 03.03.2014 Дата инв: 28.01.2015 Бележки инв: П2015 | Книги | ||
| Не е изгубен | Не е повреден | без рестрикции | заемане за дома | 731006 | Регионална библиотека "Любен Каравелов" Русе | Регионална библиотека "Любен Каравелов" Русе | Заемна - подръчен фонд | 2019-07-18 | Заемна - подръчен фонд | 15.00 | П 343/Г 53 | 120000834594 | 7.67 | Книги | Universal Decimal Classification |